20 joueurs de l’AC Milan par images - Statistiques

Statistiques générales
  • Ce quiz a été pris 107 fois
  • Le résultat moyen est 16 sur 20
Statistiques - réponses
Par images Réponse % Correct
Zlatan Ibrahimović
100%
Olivier Giroud
99%
Mike Maignan
98%
Rafael Leão
97%
Paolo Maldini
96%
João Félix
90%
Leonardo Bonucci
86%
Alessandro Nesta
82%
Jean-Pierre Papin
82%
Marco Van Basten
80%
Filippo Inzaghi
79%
Dida
78%
Álvaro Morata
77%
Clarence Seedorf
77%
Fikayo Tomori
71%
Hakan Çalhanoğlu
71%
Stephan El Shaarawy
69%
Ricardo Rodríguez
53%
Davide Calabria
47%
Krzysztof Piątek
35%
Aucun quiz correspondant
Distribution des résultats
% des personnes avec chaque résultat
Percentile par nombre de réponses
Votre historique - résultats
Vous n’avez pas pris ce quiz